| 000 | 00376nam a2200157Ia 4500 | ||
|---|---|---|---|
| 008 | 221030s9999 xx 000 0 und d | ||
| 020 | _a0749308214 | ||
| 041 | _aEnglish | ||
| 082 |
_a105.23 _bPea |
||
| 100 | _aN. V. Peale | ||
| 245 | 4 |
_aThe power of positive thinking _cby N. V. Peale |
|
| 260 |
_bVermillion _aUK _c1996 |
||
| 300 | _a226 | ||
| 650 | _aGeneral | ||
| 942 | _cBK | ||
| 999 |
_c1246 _d1246 |
||